000 00469nam a2200193 a 4500
001 578
003 CO-ViMGA
008 141112s2004 ck r 000 u spa d
040 _aCO-ViMGA
_bspa
_cCO-ViMGA
082 0 4 _aLALs
100 1 _aLalana, Fernando
245 1 0 _aEl secreto de la arboleda
250 _a16a
260 _aMadrid :
_bS.M,
_c1994
300 _a95 p : il
490 _aEl barco de vapor, 13
650 1 4 _aCUENTOS INFANTILES
_92743
942 _2ddc
_cBK
999 _c12819
_d12819